003340000a2200085000450024501120000004100140011270000280012610000350015477300590018910aHábitos alimenticios y relaciones simbioticas de la "hormiga loca" Nylanderia fulvia con otros artropodos0 aEspañol1 aRuíz Bolaños, Nhora1 aZenner de Polanía, Ingerborg1 tRevista Colombiana de Entomologíah1q3-10d1985g11